000 00611nam a2200229Ia 4500
003 OSt
005 20220928103240.0
006 a|||||r|||| 00| 0
007 ta
008 220927b |||||||| |||| 00| 0 eng d
024 _a34911
037 _cTextual
040 _aSDCL
_cSDCL
_beng
041 _2eng
_aeng
082 _aT`4.281,d,N66, N6
100 _aLochan Kanjiv Ed.
_9403091
245 0 _aJNU
_b The years
260 _aBombay
_bPopular Prakashan
_c1996
300 _a206p.
_ccm.
942 _hT`4.281,d,N66, N6
_cTEXL
_2CC
999 _c718888
_d718888